000 00681nam a22002057a 4500
999 _c16513
_d16513
008 160520b xxu||||| |||| 00| 0 eng d
022 _a0091-4169
082 _22016
_aDPer 364.05
_bJ82
245 _aRecidivism and time served in prison/
_b
_cDaniel P. Mears [and three others].
260 _aEvanston:
_bNorthwestern University Press,
_cc2016.
300 _aV106 n.1, pages 83-124;
_c25 cm.
310 _aQuarterly
362 _a
500 _aThe Journal of Criminal Law and Criminology.
650 _aPrisons.
_943985
700 _aCochran, J. C.
_eAuthor.
_943994
700 _aBales, W. D.
_eAuthor.
_943995
700 _aBhati, A. S.
_eAuthor.
_943996
942 _2ddc
_cPER